00925cam a2200253 450000100060000000300080000600500170001400800390003103500200007004000320009004100080012208200180013010000320014824500440018026000460022430000210027035000120029150400200030365100490032394200120037299900170038495201360040195201340053725053BD-RjUL20211209050826.0140316t1971 ii 001 0 eng a(BD-RjUL) 25122 aDLCcDLCdDLCdBD-RjULbeng aeng04a954bCHU 19711 aChanda, Asok,d1902-91937310aUnder the Indian skyc[by] Asok Chanda. aBombay :bNachiketa Publications,cc1971. a232 p. ;c23 cm. aRs25.00 aincludes index. 0aIndiaxPolitics and governmenty1947-977064 2ddccBK c25053d25053 00102ddc40728NFICaRUCLbRUCLcReadingd1974-06-22eIndia Govt. giftl0o954 CHU 1971r2014-03-16 00:00:00tC-1w2014-03-16yBK 00102ddc40708NFICaRUCLbRUCLcStackd1974-07-04eIndia Govt Gift.l0o954 CHU 1971r2014-06-17 00:00:00tC-2w2014-06-17yBK